[Event "EU-ch Rapid"]
[Site "Zagreb"]
[Date "2023.12.14"]
[Round "2"]
[White "Kadric, Denis"]
[Black "Ljubic, Juro"]
[Result "1-0"]
[WhiteElo "2587"]
[BlackElo "2130"]
[PlyCount "69"]
[EventDate "2023.12.14"]
[EventType "swiss (rapid)"]
[EventRounds "11"]
[EventCountry "CRO"]
[SourceTitle "CB51_2023"]
[SourceDate "2023.12.20"]
[SourceVersion "1"]
[SourceVersionDate "2023.12.20"]
[SourceQuality "1"]

1. e4 c5 2. Nc3 Nc6 3. Nge2 g6 4. d4 cxd4 5. Nxd4 Bg7 6. Be3 Nf6 7. Bc4 0-0 8. Bb3 a5 9. f3 d5 10. Bxd5 Nxd5 11. Nxd5 e6 12. Nxc6 bxc6 13. Nb6 Rb8 14. Qxd8 Rxd8 15. Rb1 Ba6 16. Na4 Rb4 17. b3 f5 18. a3 Rb5 19. c4 Rbb8 20. Nc5 Bxc4 21. Kf2 Bd3 22. Rbd1 fxe4 23. fxe4 Rf8+ 24. Kg3 Be5+ 25. Kh3 Bxe4 26. Rhe1 Bd5 27. Nd7 Bc3 28. Nxb8 Rxb8 29. Bf4 Rxb3 30. Re3 e5 31. Rxd5 cxd5 32. Bxe5 Bxe5 33. Rxb3 Bd6 34. a4 Kf7 35. Rb5 1-0

[Event "AUT-chT2W 2122"]
[Site "Austria"]
[Date "2022.03.11"]
[Round "9.3"]
[White "Ljubic, Juro"]
[Black "Peterlunger, Erich"]
[Result "1-0"]
[WhiteElo "2179"]
[BlackElo "1861"]
[PlyCount "81"]
[EventDate "2021.10.15"]
[EventType "team-tourn"]
[EventRounds "11"]
[EventCountry "AUT"]
[SourceTitle "EXT 2023"]
[Source "ChessBase"]
[SourceDate "2022.10.05"]
[SourceVersion "1"]
[SourceVersionDate "2022.10.05"]
[SourceQuality "1"]
[WhiteTeam "Schwarzach"]
[BlackTeam "Lustenau"]
[WhiteTeamCountry "AUT"]
[BlackTeamCountry "AUT"]

1. e4 c5 2. Nc3 Nc6 3. g3 g6 4. Bg2 Bg7 5. d3 d6 6. Be3 Nf6 7. h3 Rb8 8. Qd2 b5 9. Nge2 b4 10. Nd1 0-0 11. 0-0 Nd7 12. Bh6 Bxh6 13. Qxh6 Nd4 14. Qd2 Nxe2+ 15. Qxe2 Ne5 16. Ne3 Nc6 17. f4 Nd4 18. Qf2 Bd7 19. c3 bxc3 20. bxc3 Nc6 21. f5 e6 22. f6 Kh8 23. Nc4 Bc8 24. Qf4 e5 25. Qg5 Ba6 26. Ne3 Rb7 27. Rab1 Rxb1 28. Rxb1 Qd7 29. Bf1 Rc8 30. Be2 Qd8 31. Nd5 Rb8 32. Rxb8 Qxb8 33. Qh6 Qg8 34. Bg4 g5 35. Bd7 Qg6 36. Qf8+ Qg8 37. Qxg8+ Kxg8 38. Bxc6 Bxd3 39. Ne7+ Kf8 40. Nf5 Bc4 41. a3 1-0

[Event "Zagreb Hulak Memorial op 2nd"]
[Site "Zagreb"]
[Date "2017.12.01"]
[Round "2"]
[White "Ljubic, Juro"]
[Black "Brkic, Ante"]
[Result "0-1"]
[WhiteElo "2194"]
[BlackElo "2573"]
[PlyCount "120"]
[EventDate "2017.11.30"]
[EventType "swiss"]
[EventRounds "9"]
[EventCountry "CRO"]
[SourceTitle "EXT 2019"]
[Source "ChessBase"]
[SourceDate "2018.10.10"]
[SourceVersion "1"]
[SourceVersionDate "2018.10.10"]
[SourceQuality "1"]

1. e4 c5 2. Nc3 d6 3. f4 g6 4. Nf3 Bg7 5. Bb5+ Bd7 6. Bc4 Nc6 7. 0-0 Na5 8. Be2 Nf6 9. d3 0-0 10. Qe1 Nc6 11. Qh4 Nd4 12. Bd1 e6 13. Be3 Rc8 14. Kh1 Ne8 15. Qxd8 Rxd8 16. Rb1 Bc6 17. Ne2 Nxf3 18. gxf3 f5 19. c3 Nf6 20. Bb3 Rfe8 21. Ng3 Kh8 22. Rbd1 b6 23. Kg1 Bh6 24. Bc1 Bg7 25. Rfe1 h5 26. h4 Nh7 27. Kg2 Bf6 28. Kh3 Bg7 29. Nh1 d5 30. Nf2 a5 31. a3 b5 32. Bc2 b4 33. axb4 axb4 34. Bd2 Rb8 35. cxb4 cxb4 36. e5 b3 37. Bb1 d4 38. Kg3 Rec8 39. Rc1 Bd5 40. Rxc8+ Rxc8 41. Rc1 Rxc1 42. Bxc1 Bf8 43. Bd2 Bc5 44. Nh3 Nf8 45. Kf2 Nd7 46. Ba5 Nb6 47. Bxb6 Bxb6 48. Ke2 Kg8 49. Ng5 Bd8 50. Kf2 Bxg5 51. fxg5 f4 52. Ke2 Kf8 53. Kf2 Ke7 54. Ke2 Kd7 55. Kf2 Bb7 56. Ke2 Kc6 57. Kf2 Kd5 58. Ke2 Kxe5 59. Kf2 Kf5 60. Ke2 Bxf3+ 0-1

[Event "AUT-chT2W 1516"]
[Site "Austria"]
[Date "2016.01.24"]
[Round "8.5"]
[White "Ljubic, Juro"]
[Black "Nedelchev, Nikolay"]
[Result "1/2-1/2"]
[WhiteElo "2213"]
[BlackElo "2008"]
[PlyCount "65"]
[EventDate "2015.10.16"]
[EventType "team-tourn"]
[EventRounds "11"]
[EventCountry "AUT"]
[SourceTitle "CBM 170 Extra"]
[Source "ChessBase"]
[SourceDate "2016.02.25"]
[SourceVersion "1"]
[SourceVersionDate "2016.02.25"]
[SourceQuality "1"]
[WhiteTeam "Schwarzach"]
[BlackTeam "Pradl"]
[WhiteTeamCountry "AUT"]
[BlackTeamCountry "AUT"]

1. e4 c6 2. d4 d5 3. exd5 cxd5 4. c4 Nf6 5. Nf3 g6 6. Nc3 Bg7 7. Bg5 Ne4 8. Be3 Nxc3 9. bxc3 0-0 10. cxd5 Qxd5 11. Qb3 Be6 12. Qxd5 Bxd5 13. c4 Bxf3 14. gxf3 Nc6 15. Rd1 Rfd8 16. d5 Nb4 17. Rb1 Nc2+ 18. Kd2 Nxe3 19. fxe3 b6 20. Bg2 Rac8 21. Rhc1 e6 22. f4 Rc5 23. Kd3 f5 24. Rc2 Kf7 25. e4 fxe4+ 26. Bxe4 exd5 27. Bxd5+ Kf8 28. f5 Bf6 29. fxg6 hxg6 30. Rg2 b5 31. Rxg6 bxc4+ 32. Kc2 Rcxd5 33. Rxf6+ 1/2-1/2

[Event "Schwarzach op 28th"]
[Site "Schwarzach"]
[Date "2013.08.23"]
[Round "8"]
[White "Ljubic, Juro"]
[Black "Grimberg, Boris"]
[Result "0-1"]
[WhiteElo "2207"]
[BlackElo "2369"]
[PlyCount "62"]
[EventDate "2013.08.17"]
[EventType "swiss"]
[EventRounds "9"]
[EventCountry "AUT"]
[SourceTitle "CBM 156 Extra"]
[Source "ChessBase"]
[SourceDate "2013.10.22"]
[SourceVersion "1"]
[SourceVersionDate "2013.10.22"]
[SourceQuality "1"]

1. e4 c5 2. Nf3 d6 3. c3 Nf6 4. Bb5+ Nbd7 5. e5 dxe5 6. Nxe5 e6 7. d4 a6 8. Bxd7+ Nxd7 9. 0-0 cxd4 10. cxd4 Bd6 11. Nc4 Bb8 12. Qe2 0-0 13. Rd1 Qc7 14. f4 b5 15. Ne5 Nf6 16. Bd2 Ba7 17. Bc3 Bb7 18. Na3 Nd5 19. Qd2 Rac8 20. Rac1 Nxc3 21. Rxc3 Qd6 22. Nc2 Qd5 23. Rg3 Rfd8 24. a3 Qe4 25. Rc3 g5 26. Nd3 Bxd4+ 27. Nxd4 Rxd4 28. Rxc8+ Bxc8 29. fxg5 Bb7 30. Kf1 Bd5 31. Qe2 Qf5+ 0-1

[Event "AUT-chT2W 1213"]
[Site "Austria"]
[Date "2012.10.05"]
[Round "1.4"]
[White "Loeffler, Christoph"]
[Black "Ljubic, Juro"]
[Result "1/2-1/2"]
[WhiteElo "2166"]
[BlackElo "2193"]
[PlyCount "80"]
[EventDate "2012.10.05"]
[EventType "team-tourn"]
[EventRounds "11"]
[EventCountry "AUT"]
[SourceTitle "EXT 2013"]
[Source "ChessBase"]
[SourceDate "2012.11.22"]
[SourceVersion "1"]
[SourceVersionDate "2012.11.22"]
[SourceQuality "1"]
[WhiteTeam "ASK"]
[BlackTeam "Schwarzach"]
[WhiteTeamCountry "AUT"]
[BlackTeamCountry "AUT"]

1. e4 c5 2. Nf3 d6 3. d4 cxd4 4. Nxd4 Nf6 5. Nc3 g6 6. Bc4 Bg7 7. f3 Nc6 8. Be3 0-0 9. Qd2 Bd7 10. 0-0-0 Ne5 11. Bb3 Rc8 12. g4 b5 13. h4 a5 14. a3 b4 15. axb4 axb4 16. Nb1 Qa5 17. h5 Nc4 18. Qd3 Nxe3 19. Qxe3 Ba4 20. hxg6 hxg6 21. Ne6 Rxc2+ 22. Kxc2 fxe6 23. Kd2 Bxb3 24. Qxb3 d5 25. Ke2 Qa6+ 26. Qd3 Qa2 27. exd5 Nxd5 28. Kf2 Qxb2+ 29. Rd2 Qf6 30. Qe4 b3 31. Rd3 b2 32. g5 Qf7 33. Rb3 Rd8 34. Rd1 Rc8 35. Rd2 Nf4 36. Kg3 Nh5+ 37. Kf2 Nf4 38. Kg3 Nh5+ 39. Kf2 Nf4 40. Kg3 Nh5+ 1/2-1/2

[Event "Schwarzach op 27th"]
[Site "Schwarzach"]
[Date "2012.08.23"]
[Round "6"]
[White "Ljubic, Juro"]
[Black "Guido, Flavio"]
[Result "0-1"]
[WhiteElo "2193"]
[BlackElo "2409"]
[PlyCount "54"]
[EventDate "2012.08.18"]
[EventType "swiss"]
[EventRounds "9"]
[EventCountry "AUT"]
[SourceTitle "CBM 150 Extra"]
[Source "ChessBase"]
[SourceDate "2012.10.19"]
[SourceVersion "1"]
[SourceVersionDate "2012.10.19"]
[SourceQuality "1"]

1. e4 c5 2. Nf3 e6 3. Nc3 a6 4. g3 Nc6 5. Bg2 d6 6. 0-0 Be7 7. d3 Nf6 8. Ng5 h6 9. Nh3 Qc7 10. f4 Nd4 11. Ne2 e5 12. Nf2 Bd7 13. c3 Nxe2+ 14. Qxe2 0-0 15. f5 Nh7 16. h4 c4 17. d4 exd4 18. cxd4 c3 19. Qf3 Rac8 20. bxc3 Qxc3 21. Be3 Bf6 22. Rfd1 Ba4 23. Rac1 Bxd1 24. Rxc3 Bxf3 25. Rxc8 Rxc8 26. Bxf3 Rc3 27. Ng4 Bxd4 0-1